Te Felicito - Shakira, Rauw Alejandro - Estadísticas

Estadísticas generales
  • Esta prueba ha sido intentada 71 veces
  • La puntuación promedio es 229 de 339
Estadísticas de respuestas
Letra % Correcto
a
100%
felicito
100%
que
100%
qué
100%
te
100%
Te
100%
actúas
98%
bien
98%
es
95%
tu
95%
Tu
95%
95%
no
93%
No
93%
De
91%
de
91%
duda
91%
cabe
88%
Eso
88%
eso
88%
me
88%
Me
88%
Con
86%
continúa
84%
pa'
84%
papel
81%
queda
74%
ese
72%
y
72%
Y
72%
la
70%
La
70%
el
63%
lo
63%
Lo
63%
63%
en
58%
un
58%
Por
56%
por
56%
56%
ti
56%
di
53%
una
53%
Yo
53%
pero
51%
mientes
49%
al
47%
como
47%
cómo
47%
Como
47%
Cómo
47%
Fue
47%
caso
44%
conozco
44%
gota
44%
pedazos
44%
rompí
44%
show
44%
sientes
44%
va
44%
cuenta
42%
digas
42%
las
42%
los
42%
Los
42%
sincero
42%
vaso
42%
hice
40%
más
40%
tus
40%
tuyo
40%
Esa
37%
esa
37%
falso
37%
parece
37%
tan
37%
ya
37%
advirtieron
35%
dos
35%
he
35%
necesito
35%
claro
33%
nos
33%
tengo
33%
ante'
30%
caras
30%
Hablándote
30%
soporto
30%
tanto
30%
ahora
28%
antojos
28%
gente
28%
llorar
28%
ojos
28%
rebasó
28%
rojos
28%
comíamo'
26%
completarte
26%
compro
26%
monto
26%
moto
26%
siento
26%
tratas
26%
alguien
23%
cuando
23%
fuego
23%
has
23%
herida
23%
manos
23%
quiero
23%
ver
23%
volante
23%
auténtico
21%
barata
21%
del
21%
filosofía
21%
otra
21%
piel
21%
ponía
21%
rede'
21%
resulta
21%
Suena
21%
abrió
19%
Perdiste
19%
vea'
19%
Algo
16%
bloqueé
16%
ciega
16%
deberían
16%
decía
16%
Oscar
16%
podido
16%
sido
16%
tranquilizante
16%
dar
14%
fluíamo'
14%
hecho
14%
historia'
14%
mercede'
14%
recuerde'
14%
saber
14%
apoyándote
12%
cuente'
12%
espalda
12%
ey
12%
picar
12%
Quemando
7%
No se encontraron pruebas coincidentes
Distribución de puntuación
Porcentaje de gente con cada puntuación
Porcentaje por número respondido
Historial de tus puntuaciones
No has intentado esta prueba.